000 00293nam a22001337a 4500
008 170309b xxu||||| |||| 00| 0 eng d
020 _a0721614140
041 _aeng
080 _a611
100 _a6
101 _aSHM
245 _aCLINICAL ENDOCRINE PHYSIOLOGY
_cHEDGE, G.A
942 _2udc
_cBK
999 _c7347
_d7347